书目信息 |
| 题名: |
华主席叶副主席邓副主席在全军政治工作会议上的讲话
|
|
| 作者: | ||
| 分册: | ||
| 出版信息: | 北京 人民出版社 1978 |
|
| 页数: | 43页 | |
| 开本: | 20cm | |
| 丛书名: | ||
| 单 册: | ||
| 中图分类: | E22 , D2-0 | |
| 科图分类: | ||
| 主题词: | 党和国家领导-军队政治工作--中国--文集 , 军队政治工作-党和国家领导--中国--文集 | |
| 电子资源: | ||
| ISBN: | ||
| 000 | 00741nam0 2200241 45 | |
| 001 | 0178003950 | |
| 005 | 20060728095442.43 | |
| 010 | @dCNY0.13 | |
| 091 | @aCN@b3001.1659 | |
| 100 | @a19950714d1978 em y0chiy0121 ea | |
| 101 | 0 | @achi |
| 102 | @aCN@b110000 | |
| 105 | @ay z 000yy | |
| 200 | 10 | @a华主席叶副主席邓副主席在全军政治工作会议上的讲话@Ahua zhu xi ye fu zhu xi deng fu zhu xi zai quan jun zheng zhi gong zuo hui yi shang de jiang hua |
| 210 | @a北京@c人民出版社@d1978 | |
| 215 | @a43页@d20cm | |
| 606 | @a党和国家领导-军队政治工作@x中国@x文集 | |
| 606 | @a军队政治工作-党和国家领导@x中国@x文集 | |
| 610 | 0 | @a全军政治会议 |
| 690 | @aE22@v3 | |
| 690 | @aD2-0@v3 | |
| 801 | 0 | @aCN@bTSSF@c20060728 |
| 905 | @a10447@dE22@e3 | |
| 华主席叶副主席邓副主席在全军政治工作会议上的讲话.-北京:人民出版社,1978 |
| 43页;20cm |
| ISBN :CNY0.13 |
| ● |
| 相关链接 |
|
|
|
|
正题名:华主席叶副主席邓副主席在全军政治工作会议上的讲话
索取号:E22/3
 
预约/预借
| 序号 | 登录号 | 条形码 | 馆藏地/架位号 | 状态 | 备注 |
| 1 | 0439762 | 204397624 | 密集书库/ [索取号:E22/3] | 在馆 | |
| 2 | 0440315 | 204403154 | 密集书库/ [索取号:E22/3] | 在馆 |